| 000 | 00816nam a2200181 a 4500 | ||
|---|---|---|---|
| 008 | 130911s2012 ||||||||||||||||| || u | ||
| 020 | _a9781849711166 | ||
| 050 | _aNA 2543 SIN | ||
| 100 | _aSinha, Sumita | ||
| 245 | 1 | 0 |
_aArchitecture for rapid change and scarce resources _cby Sumita Sinha |
| 260 |
_aLondon: _bRoutledge _c2012 |
||
| 300 | _axx, 300p. :ill. | ||
| 650 | _aARCHITECTURE--ECONOMIC ASPECTS | ||
| 650 | _aARCHITECTURAL PRACTICE--SOCIAL ASPECTS | ||
| 650 | _aARCHITECTURE AND SOCIETY | ||
| 995 |
_aMAIN LIBRARY OPEN ACCESS _e744481 _FCBU-MAIN LIBRARY (Kitwe) _jNA 2543 SIN _M2 _UAVAILABLE _WOct 4, 2013 _y744481 _ZMain Library Open Access Collection |
||
| 995 |
_aMAIN LIBRARY OPEN ACCESS _e744480 _FCBU-MAIN LIBRARY (Kitwe) _jNA 2543 SIN _M1 _UAVAILABLE _WOct 4, 2013 _y744480 _ZMain Library Open Access Collection |
||
| 999 |
_c84350 _d84350 |
||